000 00754na a2200265 4500
001 21053
003 MIRAKIL
005 20181213154852.0
008 170130b tu 000 0
035 _a21053
040 _aMilas
_btur
_cTR-AnCHP
041 _atur
082 _a324.2383
_bY86 [t.y.]
090 _a324.2383 Y86 [t.y.]
110 _aYurt Partisi (YP)
245 _aYurt Partisi programı
_cYurt Partisi
260 _aAnkara
_bYurt Partisi
_c[t.y.]
300 _a32 s.
_c20 sm.
610 _aYurt Partisi
_xProgramlar, 2002
610 _aYurt Partisi (YP)
_xPropaganda ve ideolojiler
650 _aSiyasal partiler
_xParti türleri
_yMilliyetçi partiler
_zTürkiye
710 _aYurt Partisi (YP)
830 _aYP
942 _2ddc
_cBKS
999 _c2308
_d2308